American Grammy Award Winners - Sudden Death - Statistics

General Stats
  • This quiz has been taken 240 times
  • The average score is 10 of 50
Answers on the Grid
Answers color-coded by a green-red scale on the quiz's grid according to % correct below.
Beyoncé
Quincy Jones
Arctic Monkeys
Stevie Wonder
John Williams
Travis Scott
Selena Gomez
Jay-Z
Kanye West
Wiz Khalifa
Backstreet Boys
Avril Lavigne
Kendrick Lamar
Bruce Springsteen
NSYNC
Panic! at the Disco
Tony Bennett
Yo-Yo Ma
Aretha Franklin
Ray Charles
Leonard Bernstein
Troye Sivan
Bruno Mars
Adele
Nicki Minaj
Eminem
Journey
Foo Fighters
Mac Miller
Alicia Keys
Taylor Swift
Adam Lambert
Juicy J
Foxy Brown
Lady Gaga
Michael Jackson
Pharell Williams
Nickelback
Johnny Cash
Aaliyah
Ella Fitzgerald
BTS
Flo Rida
Willie Nelson
John Legend
Diana Ross
Busta Rhymes
Jack White
Al Green
Mika
The Byrds
Dolly Parton
Justin Timberlake
Dusty Springfield
Liza Minnelli
Bob Dylan
Halsey
Kesha
Demi Lovato
Linda Ronstadt
Billie Holiday
Chaka Khan
Björk
Katy Perry
Carlos Santana
Mary J. Blige
Rihanna
Foreigner
Billie Eilish
Frank Sinatra
Joe Satriani
Cheryl Crow
Rush
André 3000
Metallica
Public Enemy
Janis Joplin
Skrillex
B.o.B
Norah Jones
Iggy Azalea
Bebe Rexha
Nancy Sinatra
Barbra Streisand
Jimi Hendrix
Sia
Dean Martin
Blake Shelton
Luther Vandross
Guns N' Roses
Tina Turner
Beck
DMX
Usher
Fergie
Jennifer Lopez
Lauryn Hill
Post Malone
Brian McKnight
Snoop Dogg
 
Answer Stats
Answer % Correct
Beyoncé
92%
Kanye West
49%
Kendrick Lamar
48%
Stevie Wonder
48%
Jay-Z
46%
Adele
41%
Eminem
40%
Taylor Swift
39%
Quincy Jones
38%
Lady Gaga
37%
Billie Eilish
31%
Michael Jackson
31%
Alicia Keys
29%
Bruno Mars
29%
John Williams
28%
Pharell Williams
27%
Tony Bennett
27%
Ray Charles
26%
Aretha Franklin
24%
Bruce Springsteen
20%
John Legend
19%
Dolly Parton
14%
Lauryn Hill
14%
Barbra Streisand
13%
Foo Fighters
13%
Bob Dylan
12%
Norah Jones
11%
Rihanna
11%
Tina Turner
11%
Frank Sinatra
10%
Yo-Yo Ma
10%
André 3000
9%
Beck
8%
Justin Timberlake
8%
Ella Fitzgerald
7%
Johnny Cash
7%
Leonard Bernstein
7%
Willie Nelson
7%
Carlos Santana
6%
Cheryl Crow
6%
Mary J. Blige
6%
Metallica
6%
Al Green
4%
Chaka Khan
4%
Jack White
4%
Linda Ronstadt
3%
Luther Vandross
3%
Usher
2%
Fergie
1%
Skrillex
1%
No matching quizzes found
Score Distribution
Percent of People with Each Score
Percentile by Number Answered
Your Score History
You have not taken this quiz